000 01048nam a2200277 a 4500
001 000016865
003 DO-SdBNP
005 20240605140617.0
008 100311s2004 sp ac 001 0 eng d
020 _a8449414334
040 _aDO-SdBNP
_bspa
_cBNPHU
082 4 _a920.03
_bD545b
_222
245 0 0 _aDiccionario de biografías /
_cdirección Carlos Gispert ; dirección de contenidos José A. Vidal ; edición Ricardo Joancomartí, Ramón Vilá ; ilustración Monserrat Marcet, Carlos de Gispert N.
260 _aBarcelona, España :
_bOcéano,
_c2004.
300 _a1071 p. :
_bil., retrs. ;
_c27 cm.
650 4 _aBiografías
_vDiccionarios
_99156
650 4 _aDiccionarios enciclopédicos
_913957
700 1 _aGispert, Carlos,
_edir.
_911248
700 1 _aJoancomartí, Ricardo,
_eed.
_937330
700 1 _aVilá, Ramón,
_eed.
_937331
700 1 _aVidal, José A.
_92046
700 1 _aMarcet, Monserrat,
_eil.
_937332
700 1 _aGispert N., Carlos de,
_eil.
_937333
910 _aValidado. Control de calidad BNPHU
942 _2ddc
_cLBS1
999 _c16397
_d16397